000 00882nam a2200241Ia 4500
001 8985
003 GE_BSU
008 181216s||||||||xx |||||||||||||| ||und||
040 _cGE_BSU
080 _a821.353.1–1
100 _aკერძევაძე.ელდარ
245 _aთუკი ერთმანეთს გავუფრთხილდებით
245 _bლექსები
245 _cრედ.ქ.კვინტრაძე,მხატვ.ჯ.ყავლაშვილი
250 _aმეორე გამ–მა
260 _aთბილისი
260 _bსაბჭოთა საქართველო
260 _c1987
300 _a189გვ.20სმ.
653 _aთუკი ერთმანეთს გავუფრთხილდებით
653 _aლექსები
942 _cBK
999 _c42290
_d42290